| 000 | 00764nam a2200217Ia 4500 | ||
|---|---|---|---|
| 003 | GCL | ||
| 008 | 140319s9999 xx 000 0 ara d | ||
| 040 |
_aGCL / _cGCL |
||
| 082 | 0 | 4 |
_a953 _bهـ ش |
| 100 | 1 | _aمارون عيسى الخورى | |
| 245 | 1 | 0 |
_aشمس العرب تسطع على الغرب ''اثر الحضارة العربية فى اوروبة'' / _cمارون عيسى الخورى |
| 700 | 1 | _aكمال دسوقى | |
| 700 | 1 | _aفاروق بيضون (مترجم) | |
| 700 | 1 | _aهونكه، زيجريد | |
| 300 |
_a588 ص ؛ _c24 سم |
||
| 490 | _a | ||
| 650 | 0 | 4 | _aالعالم العربى |
| 650 | 0 | 4 | _aالحضارة العربية الاسلامية - المعارف البحرية |
| 650 | 0 | 4 | _aالتاريخ |
| 942 |
_2ddc _cBK |
||
| 999 |
_c37935 _d37935 |
||